000
00352nam a2200133Ia 4500
003
GCL
008
140319s9999 xx 000 0 ara d
040
_a
GCL /
_c
GCL
082
0
4
_a
641.7
_b
م ا
245
1
0
_a
اطباق شهية لك ولاسرتك
260
_a
[S.N] :
_b
المركز العربى الحديث ،
_c
1988
300
_a
352 ص
490
_a
999
_c
59141
_d
59141